ბათუმის შოთა რუსთაველის სახელმწიფო უნივერსიტეტის ბიბლიოთეკა

Социология управления:Учебное пособие. (ბიბ.ჩანაწერი № 44289)

000 -LEADER
fixed length control field 00726nam a2200241Ia 4500
001 - CONTROL NUMBER
control field 11047
003 - CONTROL NUMBER IDENTIFIER
control field GE_BSU
008 - FIXED-LENGTH DATA ELEMENTS--GENERAL INFORMATION
fixed length control field 181216s||||||||xx |||||||||||||| ||und||
020 ## - INTERNATIONAL STANDARD BOOK NUMBER
International Standard Book Number 9785496004176
040 ## - CATALOGING SOURCE
Transcribing agency GE_BSU
080 ## - UNIVERSAL DECIMAL CLASSIFICATION NUMBER
Universal Decimal Classification number 316.354(075)
100 ## - MAIN ENTRY--PERSONAL NAME
Personal name Гостенина,В.И.
245 ## - TITLE STATEMENT
Title Социология управления:Учебное пособие.
245 ## - TITLE STATEMENT
Statement of responsibility, etc. Вед.ред.Е.Каляева,худ.Л.Адуевская.
260 ## - PUBLICATION, DISTRIBUTION, ETC.
Place of publication, distribution, etc. Москва
260 ## - PUBLICATION, DISTRIBUTION, ETC.
Name of publisher, distributor, etc. Питер.
260 ## - PUBLICATION, DISTRIBUTION, ETC.
Date of publication, distribution, etc. 2013.
300 ## - PHYSICAL DESCRIPTION
Extent 368стр,илл,24см.
520 ## - SUMMARY, ETC.
Summary, etc. Стандарт третьего поколения.
653 ## - INDEX TERM--UNCONTROLLED
Uncontrolled term Социология управления.
942 ## - ADDED ENTRY ELEMENTS (KOHA)
Koha item type წიგნი
ეგზემპლარები
Withdrawn status Lost status Damaged status Not for loan Date acquired Barcode Date last seen Price effective from Koha item type
        2018-12-17 35373 2018-12-17 2018-12-17 წიგნი